Carnivores of the World - Statistics

General Stats
  • This quiz has been taken 97 times
  • The average score is 12 of 15
Answer Stats
Picture Answer % Correct
Lion
100%
Polar bear
100%
Hyena
96%
Sea lion
96%
Bobcat
95%
Brown bear
95%
Jaguar
87%
Beluga whale
85%
Mountain lion
85%
Otter
81%
Badger
80%
Tasmanian devil
73%
Leopard seal
67%
Humpback whale
57%
Fishing cat
44%
No matching quizzes found
Score Distribution
Percent of People with Each Score
Percentile by Number Answered
Your Score History
You have not taken this quiz